Statistics for Days of the Week in 15 Seconds (spanish)

Click here to take the quiz!

General Stats

  • This quiz has been taken 13 times
  • The average score is 4 of 7

Answer Stats

HintAnswer% Correct
SundayDomingo
83%
MondayLunes
67%
WednesdayMiércoles
67%
SaturdaySábado
67%
TuesdayMartes
50%
FridayViernes
50%
ThursdayJueves
33%

Score Distribution

Percentile by Number Answered

Percent of People with Each Score

Your Score History

You have not taken this quiz